000 00878nam a2200265Ia 4500
003 OSt
005 20221005061951.0
006 a|||||r|||| 00| 0
007 ta
008 221004b |||||||| |||| 00| 0 eng d
020 _a9780415616102
_c7032
024 _a122064
037 _b80/2012-13, 21/08/2012, Pioneer Books Distributors
_cTextual
040 _aCRL
_cCRL
_beng
041 _2eng
_aeng
082 _aV1:19.P1, Q2
100 _aPrys Miriam
_9601310
245 0 _aRedefining regional power in interanational relations
_b Indian and South African perspectives
260 _aLondon
_bRoutledge UK
_c2012
300 _axi,237p.
_ccm.
490 _aRoutledge series ob global order studies
650 _aHISTORY
942 _hV1:19.P1, Q2
_cTEXL
_2cc
999 _c969015
_d969015